| 000 | 00640nam a22002297a 4500 | ||
|---|---|---|---|
| 003 | OSt | ||
| 005 | 20220107122756.0 | ||
| 008 | 150108b xxu||||| |||| 00| 0 eng d | ||
| 020 | _a9789332524019 | ||
| 040 | _cIIITMK | ||
| 082 | _a004.65 CIS/C | ||
| 100 |
_aCisco networking Academy _95956 |
||
| 245 | _aCCNA security: Course booklet version1.1 | ||
| 260 |
_aNew Delhi _bDorling Kindersley (Pearson) _c2014 |
||
| 300 | _axiii, 434p. | ||
| 650 |
_aCOMPUTER SCIENCE _95957 |
||
| 650 |
_aCOMPUTER NETWORKS _95991 |
||
| 650 |
_aNETWORK ARCHITECHTURE _95992 |
||
| 650 |
_aNETWORK SECURITY _95993 |
||
| 650 |
_aCCNA _95958 |
||
| 942 |
_2ddc _cBK |
||
| 999 |
_c4501 _d4501 |
||